Tutti i freestyler finalisti al Tecniche Perfette - Statistics

Statistiche generali
  • Questo quiz è stato fatto 7 volte
  • Il punteggio medio è 18 su 40
Statistiche sulle risposte
Hint Risposta % Corretto
V Ed. 1° posto Emis Killa
83%
I Ed. 1° posto Ensi
83%
IV Ed. 1° posto July B
83%
XV Ed. 1° posto Blnkay
67%
II Ed. 1° posto Clementino
67%
XVII Ed. 2° posto Gabs
67%
XX Ed. 1° posto Grizzly
67%
XVI Ed. 2° posto Hydra
67%
X Ed. 2° posto Morbo
67%
XII Ed. 1° posto Morbo
67%
XIII Ed. 2° posto Mouri
67%
XII Ed. 2° posto Reiven
67%
XIII Ed. 1° posto Reiven
67%
XIV Ed. 1° posto Shekkero
67%
VII Ed. 1° posto Canesecco
50%
XV Ed. 2° posto Frenk
50%
XVI Ed. 1° posto Frenk
50%
XVIII Ed. 1° posto Higher
50%
III Ed. 1° posto Ira
50%
XVII Ed. 1° posto Kyn
50%
XIX Ed. 1° posto Redrum
50%
XX Ed. 2° posto Vlad
50%
XIV Ed. 2° posto Il Dottore
33%
I Ed. 1° posto Mondo Marcio
33%
VI Ed. 2° posto Moreno
33%
VII Ed. 2° posto Moreno
33%
IX Ed. 1° posto Moreno
33%
XIX Ed. 2° posto Resto
33%
XVIII Ed. 2° posto True Skill
33%
III Ed. 2° posto Ares Adami
17%
VIII Ed. 2° posto Dari MC
17%
XI Ed. 2° posto Diskarex
17%
IV Ed. 2° posto Don Diegoh
17%
X Ed. 1° posto Fatt MC
17%
IX Ed. 2° posto Flam Boy
17%
V Ed. 2° posto Kenzie Kenzei
17%
VIII Ed. 1° posto Kenzie Kenzei
17%
XI Ed. 1° posto Lethal V
17%
VI Ed. 1° posto Noema
17%
II Ed. 2° posto Rayden
17%
Nessun quiz corrispondente trovato
Distribuzione punteggi
Percentuale di utenti per punteggio
Percentile per numero di risposta
I tuoi punteggi nel tempo
Non hai fatto questo quiz